| 000 | 00548nam a22001817a 4500 | ||
|---|---|---|---|
| 005 | 20251108175405.0 | ||
| 008 | 250721s2011 xx 000 0 ara d | ||
| 082 | 1 | 4 | _aم/649.1/مال |
| 100 | 1 | _aمالتينى، بريزيت | |
| 245 | 1 | 0 | _aموسوعة الام و الطفل / |
| 264 | 1 |
_aالعتبة : _bدار الخلود، _c2011. |
|
| 300 | _a640 ص. | ||
| 650 | 1 | 7 | _aالرعاية قبل الولادة |
| 650 | 1 | 7 | _aرعاية الطفولة |
| 700 | 1 |
_aسمير، خلود _eمترجم |
|
| 942 |
_2ddc _cREF |
||
| 999 |
_c133019 _d133019 |
||